000 00980nam0a22002651 4500
001 rc\1059863
005 20041129104019.7
035 _a(NLR Aleph) 006220682
090 _a6466586
_c6466586
100 _a20041129d1980 u |0rusy50 ca
101 0 _arus
102 _aRU
105 _aa |||||||||
200 1 _aАналитическая кинематика плоских рычажных механизмов высоких классов
_e(Учеб. пособие по спецкурсу)
210 _aАлма-Ата
_cКазГУ
_d1980
215 _a101 с.
_cил.
_d20
300 _aВ надзаг.: Каз. гос. ун-т им. С.М. Кирова
320 _aБиблиогр.: с. 98-99 (8 назв.)
700 1 _aДжолдасбеков
_bУ. А.
_f1931-
_gУмирбек Арисланович
701 1 _aБайгунчеков
_bЖ. Ж.
801 0 _aRU
_bNLR
_gpsbo
801 1 _aRU
_bELAR
_2rusmarc
852 _aNLR
_j80-3/9904
942 _cBOOK
980 _aNB